000 00719nam a2200253Ia 4500
003 OSt
005 20221005045045.0
006 a|||||r|||| 00| 0
007 ta
008 221004b |||||||| |||| 00| 0 hin d
024 _a44172
037 _cTextual
040 _aCRL
_cCRL
_bhin
041 _2hin
_ahin
082 _aO15,1NOJ,1, 152N7
100 _aOjha Madhu Sudan
_9593100
245 0 _aIndravijaya
_b Bharat varshiyayarupakhyanam
260 _aJodhpur
_bMadhusudan Ojha Shodha Prakostha
_c1997
300 _a551p.
_ccm.
650 _a SANSKRIT LITERATURE
650 _aSANSKRIT LITERATURE
942 _hO15,1NOJ,1, 152N7
_cTEXL
_2cc
999 _c954351
_d954351